| 000 | 01084nam a2200337 i 4500 | ||
|---|---|---|---|
| 001 | 200466779 | ||
| 003 | TR-AnTOB | ||
| 005 | 20260106110608.0 | ||
| 008 | 250106s2025 tu 000 1 tur | ||
| 020 | _a9786258502107 | ||
| 040 |
_aTR-AnTOB _beng _erda _cTR-AnTOB |
||
| 041 | 1 |
_atur _hkor |
|
| 050 | 1 | 4 |
_aPL994.29.P67 _bM3419 2025 |
| 090 |
_aPL994.29.P67 _bM3419 2025 |
||
| 100 | 1 |
_aHwang, Po-rŭm _eauthor _9151576 |
|
| 240 | 1 | 0 |
_aMaeil ilg-gessseubnida. _lTurkish |
| 245 | 1 | 0 |
_aKitapların iyileştirme gücü / _cHwang Bo-Reum ; çevirmen Müge Kübra Oğuz. |
| 264 | 1 |
_aİstanbul : _bAthica Books, _c2025. |
|
| 300 |
_a190 pages ; _c21 cm |
||
| 336 |
_atext _2rdacontent |
||
| 337 |
_aunmediated _2rdamedia |
||
| 338 |
_avolume _2rdacarrier |
||
| 490 | 0 |
_aAthica ; _v385 _aRoman ; _a69 |
|
| 500 | _aEnglish title: "Every day I read" | ||
| 546 | _aTranslated from the Korean. | ||
| 650 | 0 |
_aKitaplar ve okuma _9123975 |
|
| 651 | 7 |
_aKore (Güney) _vRoman _9123391 |
|
| 700 | 1 |
_aOğuz, Müge Kübra _etranslator _9151580 |
|
| 942 |
_2lcc _cBK |
||
| 999 |
_c200466779 _d84991 |
||